000 00391nam a2200181Ia 4500
001 7461
005 20260306160457.0
008 260306t2007||||xx |||||||||||||| ||spa||
041 _aESP
082 _a339
_bD55 2007
100 _aDelong, J. Bradford
_eAUT
245 0 _aMacroeconomía
260 _c2007
300 _a
_c
650 _aGEN
654 _aCAN
942 _cLIB
_dJUS
_fJUS
_2ddc
_n
999 _c7461
_d7461